| 000 | 01051nam a2200325 i 4500 | ||
|---|---|---|---|
| 001 | 000007600 | ||
| 003 | DO-SdBNP | ||
| 005 | 20260409100320.0 | ||
| 007 | ta | ||
| 008 | 090909s1997 dr d 001 0 spa d | ||
| 020 | _a8484002616 | ||
| 040 |
_aDO-SdBNP _bspa _cBNPHU _erda |
||
| 041 | _aspa | ||
| 082 | 4 |
_a621.4021 _bM843t _222 |
|
| 100 | 1 |
_aMoreno San Juan, José Luis _eautor _92397 _4aut. |
|
| 245 | 1 | 0 |
_aDesarrollo de las tablas termodinámicas : _bmétodo y procedimientos / _cJosé Luis Moreno San Juan. |
| 260 | _aPrimera edición | ||
| 264 | 4 |
_aSanto Domingo, República Dominicana : _bEditora Taller, _c©1997. |
|
| 300 |
_a131 páginas : _bilustraciones ; _c27 cm. |
||
| 336 |
_ardacontent _btexto _2txt |
||
| 337 |
_ardamedia _bsin mediación _2n |
||
| 338 |
_ardacarrier _bvolumen _2nc |
||
| 500 | _aIncluye índice de notas | ||
| 504 | _aIncluye referencias bibliográficas | ||
| 590 | _aInventariado, 2026/DG | ||
| 650 | 4 |
_aTermodinámica _921067 |
|
| 650 | 4 |
_aTermodinámica _xTablas _921068 |
|
| 910 | _aDG | ||
| 942 |
_2ddc _cLBS1 |
||
| 999 |
_c7380 _d7380 |
||